000 00698nam a2200241 i 4500
003 DO-SdBNP
005 20240321103620.0
007 ta
008 240321s190? dr acd 000 j spa d
040 _aDO-SdBNP
_bspa
_cBNPHU
_erda
082 _bT568
_222
100 _911765
245 1 3 _aTigres del Licey :
_bguía de prensa temporada 1996-97
264 1 _aSanto Domingo :
_bEdiciones Deportivas,
_cfecha no identificada.
300 _a109 páginas,
_bilustraciones ;
_c24 cm.
336 _2rdacontent
_atexto
_btxt
337 _2rdamedia
_asin mediación
_bn
338 _2rdacarrier
_avolumen
_bnc
590 _aInventariado, 2024/ DG
700 _985035
910 _aDG
942 _2ddc
_cLBS1
999 _c56169
_d56169